000 00831nam a2200253Ia 4500
003 OSt
005 20220918171613.0
006 a|||||r|||| 00| 0
007 ta
008 220917b |||||||| |||| 00| 0 eng d
020 _a9783319518190 (hbk)
_cEURO 89.99
024 _a327,473
037 _b332, 27/02/2018, Classic Book Service
_cTextual
040 _aARTS
_cARTS
_beng
041 _2eng
_aeng
082 _aO111:g, Q7
100 _aKaakinen Kaisa Au.
_937602
245 0 _aComparative literature and the historical imaginary
_b reading conard, wesis, sebald
260 _aCham
_bPalgrave Macmillan Switzerland
_c2017
300 _axv,261p.
_ccm.
650 _aENGLISH LITERATURE
942 _hO111:g, Q7
_cTEXL
_2CC
999 _c140354
_d140354